La Antropologia Fisica / (Record no. 7794)

000 -CABECERA
fixed length control field 00794nam a22002297a 4500
003 - IDENTIFICADOR DEL NÚMERO DE CONTROL
control field AR-CdUCM
008 - DATOS DE LONGITUD FIJA--INFORMACIÓN GENERAL
fixed length control field 190321b ||||| |||| 00| 0 spa d
040 ## - FUENTE DE LA CATALOGACIÓN
Agencia/entidad que catalogó originalmente la obra MUNICIPALIDAD PROVINCIAL DEL CUSCO
Entidad que transcribió la catalogación BIBLIOTECA MUNICIPAL DEL CUSCO
082 ## - NÚMERO DE LA CLASIFICACIÓN DECIMAL DEWEY
No. de Clasificación 573.6 /
Notacion interna M86
100 ## - ENTRADA PRINCIPAL--NOMBRE DE PERSONA
Nombre Personal Morel, Pierre
245 ## - MENCIÓN DE TÍTULO
Título La Antropologia Fisica /
260 ## - PUBLICACIÓN, DISTRIBUCIÓN, ETC.
Lugar de publicación, distribución, etc. Buenos Aires :
Nombre de la editorial, distribuidor, etc. EUDEBA,
Fecha de publicación, distribución, etc. 1964.
300 ## - DESCRIPCIÓN FÍSICA
Nº de Páginas Extensión 114 paginas ;
Otros detalles físicos graficos,
Dimensiones 18 cm.
440 ## - MENCIÓN DE SERIE/PUNTO DE ACCESO ADICIONAL--TÍTULO
Título Cuadernos de Eudeba
Número de la parte/sección de una obra 124
9 (RLIN) 22028
505 ## - NOTA DE CONTENIDO CON FORMATO
Nota de contenido formateada Contenido: historia y evolución -- el craneo y la cabeza -- esqueleto poscraneo -- estatura -- caracteres serologicos....
650 ## - PUNTO DE ACCESO ADICIONAL DE MATERIA--TÉRMINO DE MATERIA
Descriptor Antropologia
9 (RLIN) 878
650 ## - PUNTO DE ACCESO ADICIONAL DE MATERIA--TÉRMINO DE MATERIA
Descriptor Fisica
9 (RLIN) 2382
650 ## - PUNTO DE ACCESO ADICIONAL DE MATERIA--TÉRMINO DE MATERIA
Descriptor El craneo y la cabeza
9 (RLIN) 22029
700 ## - PUNTO DE ACCESO ADICIONAL--NOMBRE DE PERSONA
Nombre Personal Billino, Sara
9 (RLIN) 22030
942 ## - ELEMENTOS DE PUNTO DE ACCESO ADICIONAL (KOHA)
Fuente de clasificación
Tipo de item Libros-BMC
945 ## - PROCESAMIENTO DE INFORMACIÓN LOCAL (OCLC)
Catalogador pjha
Holdings
Estado de retiro (separado) Fuente de clasificación o esquema de estanterías Estado dañado Ubicación Sala donde se ubica Nombre de la colección Fecha de adquisición o compra Costo, precio normal en soles Signatura topográfica Código de Barras Última vez visto (Koha) Tipo de ítem (Koha)
No     Sala Ciencias Sala Ciencias Book Cart 2019-03-21 15.00 573.6 / M86 SC0000000808 2019-03-21 Libros-BMC

Powered by Koha